El lugar de Sender: actas del I congreso sobre Ramón J. Sender
I tiakina i:
| Ngā kaituhi matua: | , |
|---|---|
| Hōputu: | Pukapuka |
| Reo: | Pāniora |
| I whakaputaina: |
Zaragoza
Instituto de Estudios Altoaragoneses
1997
|
| Ngā marau: | |
| Ngā Tūtohu: |
Tāpirihia he Tūtohu
Kāore He Tūtohu, Me noho koe te mea tuatahi ki te tūtohu i tēnei pūkete!
|
MARC
| LEADER | 00000nam a2200000 a 4500 | ||
|---|---|---|---|
| 001 | UCQ4125 | ||
| 003 | CL-VaPUC | ||
| 005 | 20220315074416.0 | ||
| 008 | 980904e19970000sp 1 spa d | ||
| 082 | 0 | 4 | |a 863.09 |b ARA |2 21 |
| 100 | 1 | |a Ara Torralba, Juan Carlos |e author |9 619105 | |
| 700 | 1 | |a Gil Encabo, Fermín |e author |9 619106 | |
| 245 | 1 | 3 | |a El lugar de Sender: actas del I congreso sobre Ramón J. Sender |
| 246 | 1 | 0 | |a Huesca, 3-7 de abril de 1995 |
| 260 | |a Zaragoza |b Instituto de Estudios Altoaragoneses |c 1997 | ||
| 300 | |a 761 p | ||
| 583 | |a last modification |c 19980904 00:00:00 |k Rodrigo Vera | ||
| 600 | 1 | 7 | |a SENDER, RAMON JOSE |2 CL-VaPUC |9 314538 |
| 650 | 0 | 7 | |a NOVELA ESPAÑOLA |2 CL-VaPUC |9 313139 |
| 650 | 0 | 0 | |a Crítica literaria |9 269189 |
| 650 | 0 | 0 | |a Crítica e interpretación |9 255042 |
| 650 | 0 | 0 | |a Congresos |9 257560 |
| 942 | |c BK | ||
| 945 | |a aarredon |d 19980904 00:00:00 | ||
| 546 | |a En Español | ||
| 536 | |a Instituto de Estudios Altoaragoneses | ||
| 518 | |p Congreso sobre Ramón J. Sender, 1, Huesca, 1995 | ||
| 999 | |c 383254 |d 383252 | ||
| 952 | |0 0 |1 0 |4 0 |6 863_090000000000000_ARA_1997 |7 0 |8 A |9 505317 |a FDOPOS |b FDOPOS |d 2020-01-23 |i 3459748 |o 863.09 ARA 1997 |p 3459748 |r 2025-01-22 |w 2020-01-23 |y BK |k MLH | ||